[Event "CZE-ch Juniors FIDE op"]
[Site "Kouty nad Desnou"]
[Date "2020.03.12"]
[Round "7"]
[White "Volaninova, Sarka"]
[Black "Zamecnik, Jan"]
[Result "1/2-1/2"]
[WhiteElo "1689"]
[BlackElo "1850"]
[PlyCount "26"]
[EventDate "2020.03.07"]
[EventType "swiss"]
[EventRounds "7"]
[EventCountry "CZE"]
[SourceTitle "CBM 195 Extra"]
[Source "ChessBase"]
[SourceDate "2020.05.31"]
[SourceVersion "1"]
[SourceVersionDate "2020.05.31"]
[SourceQuality "1"]

1. e4 e6 2. d4 d5 3. exd5 exd5 4. c4 Nf6 5. Nc3 Be6 6. cxd5 Nxd5 7. Nf3 Nd7 8. a3 N7f6 9. Bd3 h6 10. 0-0 Be7 11. Re1 0-0 12. Ne5 c5 13. Nxd5 Bxd5 1/2-1/2

[Event "Liptovsky Mikulas CupT U20"]
[Site "Liptovsky Mikulas"]
[Date "2017.06.24"]
[Round "6.1"]
[White "Szczurek, Krzysztof"]
[Black "Volaninova, Sarka"]
[Result "1-0"]
[WhiteElo "2068"]
[BlackElo "1724"]
[PlyCount "85"]
[EventDate "2017.06.21"]
[EventType "team-swiss"]
[EventRounds "8"]
[EventCountry "SVK"]
[SourceTitle "CBM 179 Extra"]
[Source "ChessBase"]
[SourceDate "2017.08.23"]
[SourceVersion "1"]
[SourceVersionDate "2017.08.23"]
[SourceQuality "1"]
[WhiteTeam "Krakow CC"]
[BlackTeam "Svetla nad Sazavou"]
[WhiteTeamCountry "POL"]
[BlackTeamCountry "CZE"]

1. e4 c6 2. c4 d5 3. exd5 cxd5 4. cxd5 Nf6 5. Nc3 Nxd5 6. d4 e6 7. Nf3 Bb4 8. Bd2 Be7 9. Bd3 0-0 10. 0-0 b6 11. Nxd5 exd5 12. Ne5 Bf6 13. Bb4 Be7 14. Bd2 Bb7 15. Qh5 g6 16. Qh3 Bf6 17. Bb4 Be7 18. Bxe7 Qxe7 19. Rfe1 Qd6 20. Qh4 Nc6 21. Re3 Nxe5 22. dxe5 Qd8 23. Qh6 Bc8 24. f4 f5 25. h4 Qe7 26. h5 Qg7 27. Qg5 Be6 28. Rg3 Rac8 29. hxg6 hxg6 30. Qxg6 Qxg6 31. Rxg6+ Kf7 32. Rg5 Ke7 33. Kf2 Rg8 34. Rxg8 Rxg8 35. Rc1 Kd7 36. Bb5+ Kd8 37. Rc6 Bc8 38. Rd6+ Ke7 39. Rxd5 Be6 40. Rd2 Bxa2 41. Rd7+ Ke6 42. Rxa7 Bb3 43. Bd7+ 1-0

[Event "Liptovsky Mikulas CupT U20"]
[Site "Liptovsky Mikulas"]
[Date "2017.06.22"]
[Round "3.1"]
[White "Volaninova, Sarka"]
[Black "Sivcak, Matej"]
[Result "1/2-1/2"]
[WhiteElo "1724"]
[BlackElo "1743"]
[PlyCount "99"]
[EventDate "2017.06.21"]
[EventType "team-swiss"]
[EventRounds "8"]
[EventCountry "SVK"]
[SourceTitle "CBM 179 Extra"]
[Source "ChessBase"]
[SourceDate "2017.08.23"]
[SourceVersion "1"]
[SourceVersionDate "2017.08.23"]
[SourceQuality "1"]
[WhiteTeam "Svetla nad Sazavou"]
[BlackTeam "V4 International"]
[WhiteTeamCountry "CZE"]

1. e4 b6 2. d4 Bb7 3. Nc3 e6 4. a3 Nf6 5. Bd3 c5 6. Nf3 c4 7. Bxc4 Nxe4 8. Nxe4 Bxe4 9. Bd3 Bb7 10. Bf4 Be7 11. 0-0 d6 12. c3 Nd7 13. Re1 Nf6 14. h3 Rc8 15. Qe2 0-0 16. Rad1 Qd7 17. Bc2 Bd5 18. Ng5 Bc4 19. Bd3 b5 20. Ne4 Nxe4 21. Qxe4 Bxd3 22. Rxd3 d5 23. Qf3 a5 24. Qg3 Kh8 25. Qg4 Bf6 26. Rg3 Rc4 27. Be5 Bxe5 28. Rxe5 g6 29. h4 Kg7 30. h5 Qe7 31. hxg6 hxg6 32. Rh3 b4 33. Reh5 Rg8 34. Rh7+ Kf8 35. axb4 axb4 36. Qf4 Qc7 37. Qf6 Qe7 38. Qf4 Qc7 39. Qh6+ Ke8 40. Rf3 Qe7 41. Qf4 Rc7 42. Qe5 bxc3 43. bxc3 Rf8 44. Qe2 Rb7 45. Qa2 Qc7 46. Qa4+ Kd8 47. Qa8+ Rb8 48. Qa2 Rb7 49. Qa8+ Rb8 50. Qa2 1/2-1/2

[Event "Kouty nad Desnou op-A"]
[Site "Kouty nad Desnou"]
[Date "2017.03.18"]
[Round "9"]
[White "Volaninova, Sarka"]
[Black "Vasicek, Tomas"]
[Result "0-1"]
[WhiteElo "1768"]
[BlackElo "2064"]
[PlyCount "74"]
[EventDate "2017.03.11"]
[EventType "swiss"]
[EventRounds "9"]
[EventCountry "CZE"]
[SourceTitle "CBM 177 Extra"]
[Source "ChessBase"]
[SourceDate "2017.04.27"]
[SourceVersion "1"]
[SourceVersionDate "2017.04.27"]
[SourceQuality "1"]

1. e4 c6 2. d4 d5 3. e5 Bf5 4. Nd2 e6 5. Nb3 Nd7 6. Nf3 Rc8 7. Be3 a6 8. c4 dxc4 9. Bxc4 Nb6 10. Be2 Bg6 11. Rc1 Nd5 12. Bd2 Bb4 13. Bxb4 Nxb4 14. a3 Nd5 15. Qd2 Nh6 16. Nc5 Qe7 17. 0-0 0-0 18. Ng5 Rfd8 19. Bf3 Nf5 20. Nb3 Nc7 21. Qf4 Rd7 22. Be2 h6 23. Nf3 Nd5 24. Qd2 Rcd8 25. Nc5 Rc7 26. b4 Nb6 27. Qb2 Nd5 28. Rfd1 Nf4 29. Bf1 Bh5 30. Rc3 Nh4 31. Qc1 Nh3+ 32. gxh3 Nxf3+ 33. Rxf3 Bxf3 34. Rd3 Bh5 35. Qf4 Qg5+ 36. Qxg5 hxg5 37. f3 Ra8 0-1

[Event "Kouty nad Desnou op-A"]
[Site "Kouty nad Desnou"]
[Date "2017.03.14"]
[Round "5"]
[White "Jirousek, Jan"]
[Black "Volaninova, Sarka"]
[Result "1-0"]
[WhiteElo "1595"]
[BlackElo "1768"]
[PlyCount "83"]
[EventDate "2017.03.11"]
[EventType "swiss"]
[EventRounds "9"]
[EventCountry "CZE"]
[SourceTitle "CBM 177 Extra"]
[Source "ChessBase"]
[SourceDate "2017.04.27"]
[SourceVersion "1"]
[SourceVersionDate "2017.04.27"]
[SourceQuality "1"]

1. d4 Nf6 2. c4 e6 3. Nc3 Bb4 4. e3 0-0 5. Nf3 b6 6. Bd3 Bxc3+ 7. bxc3 Ba6 8. 0-0 Nc6 9. Qe2 Na5 10. e4 d6 11. Bg5 Qd7 12. e5 Ne8 13. Qe4 g6 14. Qxa8 Nc6 15. Be7 Nxe7 16. Qe4 Ng7 17. Qe2 Qa4 18. exd6 cxd6 19. Nd2 Nh5 20. g3 Rc8 21. d5 e5 22. f4 f6 23. f5 Kf7 24. fxg6+ hxg6 25. Ne4 Qd7 26. Ng5+ Kg7 27. Ne6+ Kh6 28. Qe3+ Kh7 29. Qf3 f5 30. g4 Ng7 31. Qh3+ Kg8 32. Ng5 Bxc4 33. Qh7+ Kf8 34. Bxc4 Rxc4 35. Qh8+ Ng8 36. gxf5 gxf5 37. Ne6+ Nxe6 38. Rxf5+ Ke7 39. Qh7+ Kd8 40. Qxg8+ Qe8 41. Qxe8+ Kxe8 42. dxe6 1-0

[Event "Kouty nad Desnou op-A"]
[Site "Kouty nad Desnou"]
[Date "2017.03.13"]
[Round "3"]
[White "Mrkus, Frantisek"]
[Black "Volaninova, Sarka"]
[Result "1-0"]
[WhiteElo "2054"]
[BlackElo "1768"]
[PlyCount "81"]
[EventDate "2017.03.11"]
[EventType "swiss"]
[EventRounds "9"]
[EventCountry "CZE"]
[SourceTitle "CBM 177 Extra"]
[Source "ChessBase"]
[SourceDate "2017.04.27"]
[SourceVersion "1"]
[SourceVersionDate "2017.04.27"]
[SourceQuality "1"]

1. e4 c6 2. d4 d5 3. Nc3 dxe4 4. Nxe4 Bf5 5. Ng3 Bg6 6. h4 h6 7. Nf3 Nd7 8. h5 Bh7 9. Bd3 Bxd3 10. Qxd3 Qc7 11. Bd2 e6 12. Ne4 Ngf6 13. 0-0-0 Nxe4 14. Qxe4 Nf6 15. Qe2 Bd6 16. Ne5 0-0-0 17. c4 Qe7 18. Bc3 Rhf8 19. Qf3 Nd7 20. Kb1 Nxe5 21. dxe5 Bb4 22. Bd4 Bc5 23. Qe3 Bxd4 24. Rxd4 Rxd4 25. Qxd4 c5 26. Qg4 Qg5 27. Qxg5 hxg5 28. Rh3 Kd7 29. Rg3 f6 30. f4 gxf4 31. Rxg7+ Kc6 32. Rg6 Rh8 33. h6 fxe5 34. Rxe6+ Kd7 35. Rg6 e4 36. Kc2 a6 37. a4 Kc7 38. Kd1 Kd7 39. Ke2 Kc7 40. Kf2 Kd7 41. Rf6 1-0

[Event "Kouty nad Desnou op-A"]
[Site "Kouty nad Desnou"]
[Date "2017.03.13"]
[Round "4"]
[White "Volaninova, Sarka"]
[Black "Dejmal, Ondrej"]
[Result "1/2-1/2"]
[WhiteElo "1768"]
[BlackElo "1580"]
[PlyCount "67"]
[EventDate "2017.03.11"]
[EventType "swiss"]
[EventRounds "9"]
[EventCountry "CZE"]
[SourceTitle "CBM 177 Extra"]
[Source "ChessBase"]
[SourceDate "2017.04.27"]
[SourceVersion "1"]
[SourceVersionDate "2017.04.27"]
[SourceQuality "1"]

1. d4 Nf6 2. Nf3 e6 3. c4 d5 4. Nc3 Be7 5. Bg5 0-0 6. e3 b6 7. cxd5 exd5 8. Bd3 Bb7 9. 0-0 Ne4 10. Bxe7 Qxe7 11. Rc1 Nd7 12. Qe2 c5 13. dxc5 Ndxc5 14. Rfd1 Rfd8 15. Qc2 Rac8 16. a3 g6 17. Nd4 Nxc3 18. Qxc3 Ne6 19. Qd2 Nxd4 20. exd4 Rxc1 21. Rxc1 Rc8 22. Rxc8+ Bxc8 23. Qe3 Qxe3 24. fxe3 f5 25. Kf2 Kf7 26. Kg3 Kf6 27. h4 Bd7 28. Be2 h5 29. Kf2 Ke6 30. Ke1 Kd6 31. Kd2 b5 32. b4 a6 33. a4 Ke6 34. axb5 1/2-1/2

[Event "Liptovsky Mikulas CupT U20"]
[Site "Liptovsky Mikulas"]
[Date "2016.06.25"]
[Round "7.3"]
[White "Volaninova, Sarka"]
[Black "Galuszka, Tomasz"]
[Result "1/2-1/2"]
[WhiteElo "1752"]
[BlackElo "1714"]
[PlyCount "52"]
[EventDate "2016.06.21"]
[EventType "team-swiss"]
[EventRounds "8"]
[EventCountry "SVK"]
[SourceTitle "CBM 173 Extra"]
[Source "ChessBase"]
[SourceDate "2016.08.29"]
[SourceVersion "1"]
[SourceVersionDate "2016.08.29"]
[SourceQuality "1"]
[WhiteTeam "Svetla nad Sazavou U20"]
[BlackTeam "Jastrzebie Zdroj (U20)"]
[WhiteTeamCountry "CZE"]
[BlackTeamCountry "POL"]

1. e4 d5 2. exd5 Nf6 3. d4 Nxd5 4. c4 Nb6 5. Nc3 c6 6. Be2 g6 7. h3 Bg7 8. Nf3 0-0 9. Bf4 N8d7 10. Qd2 Re8 11. 0-0 e5 12. dxe5 Nxe5 13. Nxe5 Qxd2 14. Bxd2 Bxe5 15. Rfe1 Be6 16. c5 Nc4 17. Bxc4 Bxc4 18. Ne4 Rad8 19. Bc3 Bxc3 20. bxc3 Kf8 21. Nd6 Rxe1+ 22. Rxe1 Ba6 23. Rb1 Rd7 24. a4 Re7 25. Rb2 Re1+ 26. Kh2 Re5 1/2-1/2

[Event "CZE/SVK-chT (Women)"]
[Site "Ricany"]
[Date "2015.07.02"]
[Round "7"]
[White "Semenova, Elena"]
[Black "Volaninova, Sarka"]
[Result "1-0"]
[WhiteElo "2160"]
[BlackElo "1630"]
[PlyCount "89"]
[EventDate "2015.06.27"]
[EventType "team-tourn"]
[EventRounds "7"]
[EventCountry "CZE"]
[SourceTitle "EXT 2017"]
[Source "ChessBase"]
[SourceDate "2016.10.25"]
[SourceVersion "1"]
[SourceVersionDate "2016.10.25"]
[SourceQuality "1"]

1. e4 c5 2. Nf3 e6 3. d4 cxd4 4. Nxd4 a6 5. Bd3 Qc7 6. 0-0 Nf6 7. Qe2 d6 8. c4 g6 9. Nc3 Nbd7 10. Nf3 Bg7 11. h3 0-0 12. Bf4 e5 13. Bg5 b6 14. Rac1 Bb7 15. Nd5 Qd8 16. Rfd1 h6 17. Bxf6 Nxf6 18. Bc2 Nxd5 19. cxd5 Rc8 20. Bd3 b5 21. a4 bxa4 22. Bxa6 Bxa6 23. Qxa6 Qd7 24. Rc6 Ra8 25. Rxd6 Rxa6 26. Rxd7 Rb8 27. Rd2 Rab6 28. Ra7 Rb4 29. Re2 f5 30. Nh4 fxe4 31. Nxg6 Bf6 32. Re3 R8b7 33. Rxb7 Rxb7 34. Rxe4 Rxb2 35. Rxa4 Kf7 36. Nh4 Bxh4 37. Rxh4 Kg6 38. Rg4+ Kf6 39. Rg8 Rd2 40. Rd8 h5 41. d6 h4 42. d7 Ke7 43. Re8+ Kxd7 44. Rxe5 Kd6 45. Re4 1-0

[Event "CZE-ch U16 Girls"]
[Site "Kouty nad Desnou"]
[Date "2015.03.13"]
[Round "8"]
[White "Vlkova, Anezka"]
[Black "Volaninova, Sarka"]
[Result "1/2-1/2"]
[WhiteElo "1530"]
[BlackElo "1568"]
[PlyCount "43"]
[EventDate "2015.03.07"]
[EventType "swiss"]
[EventRounds "9"]
[EventCountry "CZE"]
[SourceTitle "EXT 2017"]
[Source "ChessBase"]
[SourceDate "2016.10.25"]
[SourceVersion "1"]
[SourceVersionDate "2016.10.25"]
[SourceQuality "1"]

1. e4 c5 2. Nc3 Nc6 3. g3 d6 4. Bg2 g6 5. f4 Bg7 6. Nf3 Nf6 7. d3 Qb6 8. 0-0 0-0 9. h3 Bd7 10. Kh2 a6 11. Rb1 Qc7 12. Be3 e5 13. fxe5 Nxe5 14. Nxe5 dxe5 15. Qf3 Be6 16. a3 h6 17. g4 c4 18. g5 hxg5 19. Bxg5 Nh5 20. Qf2 cxd3 21. cxd3 Qd7 22. Rbd1 1/2-1/2

[Event "CZE-ch U16 Girls"]
[Site "Kouty nad Desnou"]
[Date "2015.03.12"]
[Round "7"]
[White "Volaninova, Sarka"]
[Black "Tajovska, Martina"]
[Result "0-1"]
[WhiteElo "1568"]
[BlackElo "1630"]
[PlyCount "56"]
[EventDate "2015.03.07"]
[EventType "swiss"]
[EventRounds "9"]
[EventCountry "CZE"]
[SourceTitle "EXT 2017"]
[Source "ChessBase"]
[SourceDate "2016.10.25"]
[SourceVersion "1"]
[SourceVersionDate "2016.10.25"]
[SourceQuality "1"]

1. e4 c6 2. d4 d5 3. Nd2 dxe4 4. Nxe4 Bf5 5. Ng3 Bg6 6. h4 h6 7. h5 Bh7 8. Nf3 Nd7 9. Bd3 Bxd3 10. Qxd3 e6 11. Bd2 Qc7 12. 0-0-0 Ngf6 13. Rhe1 0-0-0 14. Kb1 Bd6 15. Ng1 Bxg3 16. fxg3 Nxh5 17. Qf3 Nhf6 18. Bf4 Qb6 19. Re3 a6 20. Rb3 Qa5 21. g4 Qd5 22. Qc3 Nc5 23. Qa5 Ne8 24. Rb4 g5 25. Bh2 Qxg2 26. Qxc5 Qxh2 27. Qe7 Rd7 28. Qc5 Nf6 0-1

[Event "CZE-ch U14 Girls"]
[Site "Kouty nad Desnou"]
[Date "2014.03.15"]
[Round "9"]
[White "Kralova, Josefina"]
[Black "Volaninova, Sarka"]
[Result "1/2-1/2"]
[WhiteElo "1551"]
[BlackElo "1556"]
[PlyCount "91"]
[EventDate "2014.03.08"]
[EventType "swiss"]
[EventRounds "9"]
[EventCountry "CZE"]
[SourceTitle "EXT 2015"]
[Source "ChessBase"]
[SourceDate "2014.11.20"]
[SourceVersion "1"]
[SourceVersionDate "2014.11.20"]
[SourceQuality "1"]

1. e4 c5 2. Nc3 Nc6 3. g3 g6 4. Bg2 Bg7 5. d3 Nf6 6. f4 0-0 7. Nf3 d6 8. 0-0 Bd7 9. h3 Qb6 10. Kh2 Rac8 11. Rb1 h6 12. Be3 Be6 13. Qd2 Kh7 14. Ne2 Bxa2 15. Ra1 Be6 16. g4 Ne8 17. d4 cxd4 18. Nfxd4 Qc7 19. Nb5 Qd8 20. Nxa7 Nxa7 21. Rxa7 Qc7 22. c3 Bc4 23. Rfa1 Rb8 24. Ng3 Qd7 25. e5 d5 26. R7a4 Bb5 27. Rd4 e6 28. c4 Bc6 29. cxd5 exd5 30. Bxd5 Bxd5 31. Rxd5 Qc6 32. Rc1 Qa4 33. Ra5 Qb3 34. Qc3 Qxc3 35. Rxc3 Bh8 36. Ne4 f6 37. Rd3 fxe5 38. Rd7+ Kg8 39. fxe5 g5 40. Kg2 b5 41. Ba7 Rc8 42. Rxb5 Rc2+ 43. Rd2 Rc7 44. Bd4 Rff7 45. e6 Rf4 46. Bxh8 1/2-1/2

[Event "CZE-ch U14 Girls"]
[Site "Kouty nad Desnou"]
[Date "2014.03.13"]
[Round "7"]
[White "Bierska, Adela"]
[Black "Volaninova, Sarka"]
[Result "1-0"]
[WhiteElo "1472"]
[BlackElo "1556"]
[PlyCount "49"]
[EventDate "2014.03.08"]
[EventType "swiss"]
[EventRounds "9"]
[EventCountry "CZE"]
[SourceTitle "EXT 2015"]
[Source "ChessBase"]
[SourceDate "2014.11.20"]
[SourceVersion "1"]
[SourceVersionDate "2014.11.20"]
[SourceQuality "1"]

1. e4 c5 2. Nf3 Nc6 3. d4 cxd4 4. Nxd4 g6 5. c4 Bg7 6. Be3 Nf6 7. Nc3 0-0 8. Be2 d6 9. 0-0 Bd7 10. Qd2 Rc8 11. Rab1 Ne5 12. b3 a6 13. f3 Qa5 14. Nd5 Qxd2 15. Nxe7+ Kh8 16. Bxd2 Rce8 17. Nd5 Bc6 18. Bb4 Rd8 19. f4 Ned7 20. e5 Nxd5 21. cxd5 Bxd5 22. Bxd6 Rfe8 23. Rbc1 Nb6 24. Bc7 Be6 25. Bxb6 1-0

[Event "CZE-ch U14 Girls"]
[Site "Kouty nad Desnou"]
[Date "2014.03.11"]
[Round "4"]
[White "Volaninova, Sarka"]
[Black "Vlkova, Anezka"]
[Result "1/2-1/2"]
[WhiteElo "1556"]
[BlackElo "1440"]
[PlyCount "56"]
[EventDate "2014.03.08"]
[EventType "swiss"]
[EventRounds "9"]
[EventCountry "CZE"]
[SourceTitle "EXT 2015"]
[Source "ChessBase"]
[SourceDate "2014.11.20"]
[SourceVersion "1"]
[SourceVersionDate "2014.11.20"]
[SourceQuality "1"]

1. d4 d5 2. c4 e6 3. Nc3 Nf6 4. Bg5 Be7 5. e3 0-0 6. Nf3 Nbd7 7. cxd5 Nxd5 8. Bxe7 Nxe7 9. Bd3 b6 10. 0-0 Bb7 11. Rc1 c5 12. Qe2 Ng6 13. Rfd1 Qe7 14. Ba6 Bxa6 15. Qxa6 cxd4 16. Nxd4 Nc5 17. Qe2 Rac8 18. h3 Rfd8 19. Nf3 Rxd1+ 20. Rxd1 Rd8 21. Rd2 Rxd2 22. Qxd2 Qd7 23. Qxd7 Nxd7 24. Kf1 Nge5 25. Nxe5 Nxe5 26. Ke2 Kf8 27. Ne4 Ke7 28. b3 h6 1/2-1/2